000
00312nam a22001337a 4500
005
20230726121352.0
008
230726b |||||||| |||| 00| 0 eng d
041
_a
eng
100
_a
GOI
_9
7878
245
_a
CONTITUTION OF INDIA
260
_a
NEW DELHI
_b
GOVERNMENT OF INDIA
_c
2018
300
_a
230;p
942
_c
BK
999
_c
8339
_d
8337